| 000 | 01418nam a2200409 i 4500 | ||
|---|---|---|---|
| 001 | 192203 | ||
| 003 | SpMaBN | ||
| 005 | 20250829125043.0 | ||
| 008 | 221113s2020 sp | |||| 000 0 spa | ||
| 017 |
_aB 13241-2020 _bOficina Depósito Legal Barcelona |
||
| 020 | _a978-84-18348-15-0 | ||
| 040 |
_aSpMaBN _bspa _cSpMaBN _erda |
||
| 080 | _a37.011 | ||
| 080 | _a37.013.73 | ||
| 080 | _a316.74:791.4 | ||
| 080 | _a316.74:82 | ||
| 080 | _a316.74:78 | ||
| 100 | 1 |
_aCarbonell i Sebarroja, Jaume _eaut _9157017 |
|
| 245 | 1 | 0 |
_aOtra educación con cine, literatura y canciones / _cJaume Carbonell Sebarroja, Jaume Martínez Bonafé. |
| 250 | _aPrimera edición: septiembre de 2020 | ||
| 260 |
_aBarcelona : _bOctaedro, _c2020. |
||
| 300 |
_a167 páginas ; _c22 cm. |
||
| 490 | 1 | _aRecursos educativos | |
| 500 | _aÍndice | ||
| 504 | _aReferencias bibliográficas | ||
| 650 | 7 |
_aEducación- _xFilosofía. _912079 |
|
| 650 | 7 |
_aPedagogía crítica _2embne _9138602 |
|
| 650 | 0 | 7 |
_aCine- _xAspectos sociales. _911015 |
| 650 | 0 | 7 |
_aLiteratura y sociedad _2embne _914679 |
| 650 | 7 |
_aMúsica y sociedad _2embne _9169553 |
|
| 700 | 1 |
_aMartínez Bonafé, Jaume. _9175832 _eaut |
|
| 830 | 0 |
_aRecursos educativos _9193562 |
|
| 852 | 4 |
_aES-MaACL _jN-8149 _bR. 153219 _cDEPOJ _hDonación: Editorial _9199485 |
|
| 942 |
_cMONOGRAFIA _n0 |
||
| 999 |
_c192203 _d192203 |
||